000 01208cam a22003377a 4500
003 CHAP
005 20220329141328.0
008 971013s1985 r 00010 d
010 _a66475
011 _a67447
035 _a76917
040 _cCHAP
090 _aFolleto 9743
100 0 0 _aLittle, I. P.
_967164
245 0 _aElement concentrations in acid extracts from Fraser Island soils, carbon and nitrogen contents and their relation to age and podzol development
260 _a[Melbourne] :
_bCSIRO. Division of Soils,
_c1985
300 _a42 p.
_b: apénd.
490 0 _aDivisional report
_v; 76
590 _aBATCH-UPD
_b10
_c20130110
_lUCH01
_h0516
590 _aBATCH-UPD
_b10
_c20130110
_lUCH01
_h2224
590 _aBATCH-UPD
_b10
_c20130410
_lUCH01
_h0155
590 _aBATCH-UPD
_b10
_c20130914
_lUCH01
_h1727
590 _aCONVERSION
_b10
_c20130109
_lUCH01
_h1337
650 1 4 _aSuelos
_xAnálisis.
_9110204
650 1 4 _aSuelos
_xAustralia.
_9110211
710 0 _aCommonwealth Scientific and Industrial Research Organization. Division of Soils.
_926043
830 0 _aDivisional report
_v; 76
_933024
901 _aBK
942 _cFOLL
949 _aFolleto 9743
_bBC
_cFOLL
_d-29776
_eTS1
_i76917
_si
999 _c66475
_d66475